000 01744nam a22002417a 4500
003 AR-BeUNQ
005 20250415193647.0
008 250415b20192025spa erpnf|s00| 0 spa d
020 _a9789875586000
040 _aAR-BeUNQ
_bspa
_cAR-BeUNQ
_eaacr
082 _221
_a 616 CAL
100 1 0 _aCaletti, Sergio
_caut.
_d1947
245 _aAriadna.
_bPara una teoria de comunicaciòn
_cSergio Caletti.
_hlibro
250 _a1a.ed
260 _aBernal :
_bUniversidad Nacional de Quilmes,
_c2019
300 _a336 p. ;
_c20 cm
490 _aComunicaciòn y Cultura
500 _aTeórico de la comunicación, periodista y docente, Sergio Caletti ejerció como Profesor de Universidades de nuestro país como Buenos Aires, La Plata, Entre Ríos y nuestra Universidad de Quilmes y también en México, país que lo recibió en su exilio. Fue uno de los fundadores de la carrera de Ciencias de la Comunicación de la Universidad de Buenos Aires, donde se desempeñó como profesor titular de Teoría de la Comunicación III, desde donde sistematizó la historia, los debates y enfoques del campo disciplinar, y desde donde identificó los aportes de nuestro continente. Su trayectoria y referencia, lo depositaron como Decano de la Facultad de Ciencias Sociales de la Universidad de Buenos Aires entre 2010 y 2014. Sus aportes teóricos no sólo se focalizan en sus esfuerzos por repensar el espacio de lo público y las relaciones entre los medios, la política, las identidades y la cultura. Sino también lo que trae aparejada la globalización y la composición de las nuevas ciudadanías.
650 _aComunicaciòn
_2spines
651 _aArgentina
_2unescot
929 _aDONACION
_bNota la pie
_c0
_d0
_e2020
_fPAT0083091
_j61625
942 _cLIB
999 _c1249
_d1249